Top 25 Trading Partners - Colombia - Statistics

General Stats
  • This quiz has been taken 50 times
  • The average score is 43 of 50
Answer Stats
Hint Answer % Correct
7th Place: 1,561 Brazil
98%
4th Place: 2,828 Brazil
98%
12th Place: 865 Canada
98%
10th Place: 845 Canada
98%
2nd Place: 4,056 China
98%
2nd Place: 10,544 China
98%
1st Place: 11,325 United States of America
98%
1st Place: 13,095 United States of America
98%
4th Place: 1,851 Ecuador
96%
13th Place: 811 Ecuador
96%
6th Place: 1,638 Mexico
96%
3rd Place: 3,947 Mexico
96%
10th Place: 1,165 Peru
96%
14th Place: 750 Peru
96%
9th Place: 1,190 Spain
96%
9th Place: 991 Spain
96%
24th Place: 354 Venezuela
96%
8th Place: 1,190 Chile
93%
16th Place: 726 Chile
93%
8th Place: 1,172 France
93%
17th Place: 449 Germany
93%
5th Place: 2,173 Germany
93%
18th Place: 441 Italy
93%
11th Place: 826 Italy
93%
20th Place: 420 United Kingdom
93%
17th Place: 526 United Kingdom
93%
15th Place: 732 Argentina
91%
3rd Place: 3,069 Panama
91%
20th Place: 330 Bolivia
87%
15th Place: 548 India
87%
7th Place: 1,183 India
87%
16th Place: 474 Japan
87%
6th Place: 1,288 Japan
87%
23rd Place: 310 Russia
87%
14th Place: 627 South Korea
85%
12th Place: 819 South Korea
85%
11th Place: 1,034 Netherlands
83%
25th Place: 245 Netherlands
83%
22nd Place: 404 Belgium
78%
24th Place: 262 Belgium
78%
19th Place: 462 Switzerland
74%
18th Place: 508 Vietnam
72%
5th Place: 1,691 Turkey
70%
22nd Place: 318 Turkey
70%
25th Place: 342 Guatemala
67%
21st Place: 322 Thailand
65%
21st Place: 408 Singapore
63%
19th Place: 429 Israel
59%
23rd Place: 355 Bahamas
24%
13th Place: 799 St. Lucia
17%
No matching quizzes found
Score Distribution
Percent of People with Each Score
Percentile by Number Answered
Your Score History
You have not taken this quiz